| 000 | 00725cab a2200241 4500 | ||
|---|---|---|---|
| 001 | ABS53743 | ||
| 008 | 090401t1995 xxu||||| |||| 00| 0 eng d | ||
| 035 | _a(Sirsi) u6354 | ||
| 041 | _aeng | ||
| 100 | _aBone, C. | ||
| 245 | _aCompulsory competitive tendering: analysing value | ||
| 260 | _c1995 | ||
| 350 | _a0 | ||
| 490 |
_aMunicipal Journal _v(43) 27 October 1995, 18-19(2) |
||
| 520 | _aAdvocates value management as an alternative to CCT in light of the requirement to provide value for money. | ||
| 650 | _aCOMPULSORY COMPETITIVE TENDERING | ||
| 650 | _aLOCAL AUTHORITIES | ||
| 650 | _aVALUE ANALYSIS | ||
| 650 | _aVALUE MANAGEMENT | ||
| 690 | _aECONOMIC AND SOCIAL | ||
| 942 | _n0 | ||
| 948 | _c04/03/1997 | ||
| 999 |
_c3826 _d3826 |
||